000 00432nam a2200133Ia 4500
008 220217s9999 xx 000 0 und d
100 _aSunil K. Narayanankutty
245 0 _aCorrelation of abrasion index and cut growth rate of different elastomer blends
260 _bCochin University of Science and Technology
_a Cochin
_c1987
500 _aAvailable in RT
500 _aCourse: M.Tech.
700 _aJK Industries
942 _cTS
999 _c74479
_d74479